|
|
|
|
| LEADER |
00000nam0a2200000 4500 |
| 001 |
35235 |
| 005 |
20231030232926.0 |
| 035 |
|
|
|a (RuTPU)RU\TPU\book\35659
|
| 035 |
|
|
|a BOOK00002311
|
| 090 |
|
|
|a 35235
|
| 100 |
|
|
|a 20011210d1987 k y0rusy50 ca
|
| 101 |
0 |
|
|a rus
|
| 102 |
|
|
|a RU
|
| 105 |
|
|
|a a g 001zy
|
| 200 |
1 |
|
|a Справочник по стратиграфии нефтегазоносных провинций СССР
|f Н. В. Безносов, Ф. Г. Гурари, В. Д. Ильин, М. С. Месежников
|
| 210 |
|
|
|a Москва
|c Недра
|d 1987
|
| 215 |
|
|
|a 335 с.
|
| 607 |
|
|
|a СССР
|
| 610 |
1 |
|
|a геология
|
| 610 |
1 |
|
|a стратиграфия
|
| 610 |
1 |
|
|a нефтеносные районы
|
| 610 |
1 |
|
|a газоносные районы
|
| 610 |
1 |
|
|a состав
|
| 610 |
1 |
|
|a генезис
|
| 610 |
1 |
|
|a распространение
|
| 610 |
1 |
|
|a мощности
|
| 610 |
1 |
|
|a справочники
|
| 675 |
|
|
|a 553.98.078(035)
|v 3
|
| 701 |
|
1 |
|a Безносов
|b Н. В.
|g Николай Викторович
|
| 701 |
|
1 |
|a Гурари
|b Ф. Г.
|
| 701 |
|
1 |
|a Ильин
|b В. Д.
|
| 701 |
|
1 |
|a Месежников
|b М. С.
|
| 801 |
|
0 |
|a RU
|b 63413507
|c 20011210
|g PSBO
|
| 801 |
|
2 |
|a RU
|b 63413507
|c 20200914
|g PSBO
|
| 900 |
|
|
|a Нефтегазопромысловые провинции
|
| 942 |
|
|
|c BK
|